| 000 | 00645nam a2200193Ia 4500 | ||
|---|---|---|---|
| 003 | IN-BaIIA | ||
| 008 | 211028s9999 xx 000 0 eng d | ||
| 020 | _a1-4020-1755-3 | ||
| 040 | _cIIA Library | ||
| 080 |
_a524(082.2) _bASS-299 |
||
| 245 | 0 |
_aOpen issues in local star formation _cedited by J. Lepine and J. Gregorio-Hetem |
|
| 260 |
_aDordrecht _bKluwer Academic _c2003 |
||
| 300 | _avii,402p. | ||
| 490 | _aAstrophysics and space science library; v. 299 | ||
| 650 | _aStar Formation | ||
| 700 |
_aGregorio-Hetem, J., ed. _929582 |
||
| 700 |
_aLepine, J., ed. _929831 |
||
| 942 | _cBK | ||
| 999 |
_c16120 _d16120 |
||